00425nam a2200109Ia 4500008004100000020001800041100005400059245011000113260002700223650002000250856004500270171212s9999 xx 000 0 und d a9780833080530 aChandra, Anita;Blanchard, Janice C.;Ruder, Teague cChandra, Anita;Blanchard, Janice C.;Ruder, TeagueaDistrict of Columbia Community Health Needs Assessment bRAND Corporationc2013 aHealth Sciences uwww.jstor.org/stable/10.7249/j.ctt4cgdvq